| 000 | 00959nam a22002297a 4500 | ||
|---|---|---|---|
| 005 | 20250910145441.0 | ||
| 010 | _aENG-146801 B-763173-188 BACEN25 | ||
| 020 |
_a9788119626755 _c499.00 |
||
| 035 | _aB-763173-188 | ||
| 035 | _aEN-130333 | ||
| 037 | _bNiyogi Books | ||
| 037 | _bDBAD | ||
| 082 |
_a725.180954 _21 |
||
| 100 |
_aRooprai, Vikramjit Singh _984985 |
||
| 245 |
_aDelhi Heritage Top 10 Forts/ _cBy Vikramjit Singh Rooprai |
||
| 250 | _a1 | ||
| 260 |
_aNew Delhi _bNiyogi Books _c2024 |
||
| 270 |
_aBlock D, Building No. 77, Okhla Industrial Area, Phase-I _bNew Delhi _e110020 |
||
| 300 |
_a216p. _c18cm(hb) |
||
| 942 |
_2ddc _cEN _h725.180954 _mROO |
||
| 999 |
_c209173 _d209173 |
||